ARRUPE JESUIT UNIVERSITY

CORONAVIRUS -STOP THE SPREAD - CLEAN,DISINFECT,COVER

The scientific intellectual : (Record no. 124749)

MARC details
000 -LEADER
fixed length control field 01207pam a2200301 a 4500
001 - CONTROL NUMBER
control field 1068833
003 - CONTROL NUMBER IDENTIFIER
control field ARRUPE
005 - DATE AND TIME OF LATEST TRANSACTION
control field 20160428104851.0
008 - FIXED-LENGTH DATA ELEMENTS--GENERAL INFORMATION
fixed length control field 910503r19921963nju b 001 0 eng
010 ## - LIBRARY OF CONGRESS CONTROL NUMBER
LC control number 91004205
020 ## - INTERNATIONAL STANDARD BOOK NUMBER
International Standard Book Number 1560005718
040 ## - CATALOGING SOURCE
Original cataloging agency DLC
Transcribing agency DLC
Modifying agency DLC
050 00 - LIBRARY OF CONGRESS CALL NUMBER
Classification number Q125
Item number .F43 1991
082 00 - DEWEY DECIMAL CLASSIFICATION NUMBER
Classification number 509
Edition number 20
300 ## - PHYSICAL DESCRIPTION
Dimensions 23 cm.
100 1# - MAIN ENTRY--PERSONAL NAME
Personal name Feuer, Lewis Samuel,
Dates associated with a name 1912-
9 (RLIN) 24203
245 14 - TITLE STATEMENT
Title The scientific intellectual :
Remainder of title the psychological & sociological origins of modern science /
Statement of responsibility, etc Lewis S. Feuer ; with a new introduction by the author.
260 ## - PUBLICATION, DISTRIBUTION, ETC. (IMPRINT)
Place of publication, distribution, etc New Brunswick, U.S.A. :
Name of publisher, distributor, etc Transaction Publishers,
Date of publication, distribution, etc c1992.
300 ## - PHYSICAL DESCRIPTION
Extent xlix, 441 p.;
500 ## - GENERAL NOTE
General note Originally published: New York : Basic Books, 1963.
504 ## - BIBLIOGRAPHY, ETC. NOTE
Bibliography, etc Includes bibliographical references and index.
650 #0 - SUBJECT ADDED ENTRY--TOPICAL TERM
Topical term or geographic name as entry element Science
General subdivision History.
9 (RLIN) 24204
650 #0 - SUBJECT ADDED ENTRY--TOPICAL TERM
Topical term or geographic name as entry element Science
General subdivision Philosophy
-- History.
9 (RLIN) 867
650 #0 - SUBJECT ADDED ENTRY--TOPICAL TERM
Topical term or geographic name as entry element Science
General subdivision Social aspects
-- History.
9 (RLIN) 17705
650 #0 - SUBJECT ADDED ENTRY--TOPICAL TERM
Topical term or geographic name as entry element Science
General subdivision Psychological aspects
-- History.
9 (RLIN) 24205
906 ## - LOCAL DATA ELEMENT F, LDF (RLIN)
a 7
b cbc
c orignew
d 1
e ocip
f 19
g y-gencatlg
942 ## - ADDED ENTRY ELEMENTS (KOHA)
Source of classification or shelving scheme Library of Congress Classification
Koha item type Monograph ( Printed materials)
Holdings
Withdrawn status Lost status Source of classification or shelving scheme Damaged status Not for loan Collection code Home library Current library Shelving location Date acquired Total Checkouts Full call number Barcode Date last seen Price effective from Koha item type
    Library of Congress Classification     Main Collection ARRUPE LIBRARY ARRUPE LIBRARY Main Collection 28/04/2016   Q125.F43 1991 46500006868 03/07/2019 28/04/2016 Monograph ( Printed materials)

 

Arrupe Library. PO Box MP320 Mt Pleasant, Harare, Zimbabwe
263 242 745411|librarian@aju.ac.zw